[Event "ch-FRA Blitz Online Qual"]
[Site "Europe-Chess INT"]
[Date "2020.05.16"]
[Round "13"]
[White "Delabre, Gaspard"]
[Black "Vine, Guillaume"]
[Result "1/2-1/2"]
[WhiteElo "1449"]
[BlackElo "1824"]
[WhiteFideId "36076627"]
[BlackFideId "20654219"]
[EventDate "2020.05.16"]

1. e4 c6 2. d4 d5 3. Nd2 dxe4 4. Nxe4 Nf6 5. Nxf6+ exf6 6. Nf3 Bd6 7. c4 O-O 8.
Bd3 Re8+ 9. Be3 Bg4 10. O-O Nd7 11. h3 Bh5 12. Be2 Bg6 13. Bd3 Nf8 14. Qc2 Qc7
15. b3 Bf4 16. Bxf4 Qxf4 17. Bxg6 Nxg6 18. Rfe1 Nh4 19. Rxe8+ Rxe8 20. Nxh4 Qxh4
21. Rd1 Qe4 22. Qxe4 Rxe4 23. d5 cxd5 24. cxd5 Kf8 25. f3 Re2 26. a3 Re3 27. Rb1
Rd3 28. b4 Rxd5 29. Rc1 Rd7 30. Kf2 Ke7 31. Rc5 Kd6 32. Ra5 b6 33. Rh5 h6 34.
Rh4 Kd5 35. Rg4 g6 36. Rh4 h5 37. Rf4 f5 38. g4 fxg4 39. fxg4 hxg4 40. hxg4 Ke5
41. Rf3 Rc7 42. Kg3 Rc4 43. Rxf7 Rc3+ 44. Rf3 Rc1 45. Rf7 Rc3+ 46. Rf3 Kd4 47.
Rxc3 Kxc3 48. Kf4 Kb3 49. Kg5 Kxa3 50. Kxg6 Kxb4 51. Kh7 a5 52. g5 a4 53. g6 a3
54. g7 a2 55. g8=Q a1=Q 56. Qg4+ Kb5 57. Qf5+ Ka6 58. Qc8+ Kb5 59. Qd7+ Kc5 60.
Qc7+ Kb5 61. Qd7+ Kb4 62. Qd6+ Ka5 63. Qd5+ Kb4 64. Qd6+ Kb5 65. Qd5+ Kb4 66.
Qd6+ 1/2-1/2

[Event "ch-FRA Blitz Online Qual"]
[Site "Europe-Chess INT"]
[Date "2020.05.16"]
[Round "13"]
[White "Fondrat, Johan"]
[Black "Larmet, Nino"]
[Result "0-1"]
[WhiteElo "1509"]
[BlackElo "1818"]
[WhiteFideId "45156069"]
[BlackFideId "45105219"]
[EventDate "2020.05.16"]

1. e4 e5 2. Nf3 Nc6 3. Bc4 Bc5 4. O-O Nf6 5. d3 O-O 6. Be3 Bxe3 7. fxe3 Na5 8.
Bb3 Nxb3 9. axb3 d6 10. h3 h6 11. Nc3 Be6 12. d4 exd4 13. exd4 Qe7 14. Qd3 a6
15. Rad1 Rae8 16. b4 Bd7 17. Rfe1 Bc6 18. d5 Bd7 19. Rd2 Nh7 20. Rde2 Ng5 21.
Nxg5 Qxg5 22. b5 a5 23. Kh1 b6 24. Re3 Qh4 25. Rf1 Re5 26. Ref3 f6 27. Rf4 Qg5
28. R4f3 f5 29. exf5 Rfxf5 30. Rxf5 Rxf5 31. Rxf5 Qxf5 32. Qd2 Qf1+ 33. Kh2 Bxb5
34. Nxb5 Qxb5 35. b3 Qb4 36. Qe2 Qf4+ 37. Kh1 Qf7 38. Qe4 g6 39. Kh2 g5 40. c4
Qf4+ 41. Qxf4 gxf4 42. Kg1 Kf7 43. Kf2 Kf6 44. Kf3 Kf5 45. g3 fxg3 46. Kxg3 Kg5
47. h4+ Kf5 48. Kf3 h5 49. Kg3 Ke4 50. Kh3 Kf3 51. Kh2 Kg4 52. Kg2 Kxh4 53. Kf3
Kg5 54. Kg3 Kf5 55. Kf3 h4 0-1

[Event "ch-FRA Blitz Online Qual"]
[Site "Europe-Chess INT"]
[Date "2020.05.16"]
[Round "13"]
[White "Spano, Remy"]
[Black "Gratton, Alexandre"]
[Result "0-1"]
[WhiteElo "1662"]
[BlackElo "1792"]
[WhiteFideId "26092948"]
[BlackFideId "551063689"]
[EventDate "2020.05.16"]

1. e4 c6 2. Nc3 d5 3. Nf3 Nf6 4. exd5 cxd5 5. d4 Nc6 6. Bg5 Bg4 7. Bb5 e6 8. O-O
Be7 9. h3 Bh5 10. g4 Bg6 11. Ne5 Rc8 12. Nxc6 bxc6 13. Bd3 Bxd3 14. Qxd3 h5 15.
Bxf6 Bxf6 16. f4 hxg4 17. hxg4 Qb6 18. Ne2 c5 19. c3 cxd4 20. cxd4 Rc4 21. Rfd1
Qxb2 22. Rab1 Bxd4+ 23. Nxd4 Qh2+ 24. Kf1 Qxf4+ 25. Nf3 Rh3 26. Kf2 Qg3+ 27. Ke2
Qg2+ 28. Ke1 Rh1+ 0-1

[Event "ch-FRA Blitz Online Qual"]
[Site "Europe-Chess INT"]
[Date "2020.05.16"]
[Round "13"]
[White "Commin-Humeau, Augustin"]
[Black "Dincov, Ioan"]
[Result "1-0"]
[WhiteElo "1971"]
[BlackElo "1549"]
[WhiteFideId "26093006"]
[BlackFideId "45118612"]
[EventDate "2020.05.16"]

1. e4 e6 2. d4 d5 3. Nd2 Nf6 4. e5 Nfd7 5. c3 b6 6. Bd3 Ba6 7. Bxa6 Nxa6 8. f4
c5 9. Qa4 Nb8 10. Ndf3 Qc7 11. Ne2 Nc6 12. O-O Be7 13. Be3 a6 14. Qd1 c4 15. f5
b5 16. fxe6 fxe6 17. Nf4 Nf8 18. Ng5 Kd7 19. Nfxe6 Nxe6 20. Nxe6 Qc8 21. Qg4 h5
22. Qh3 g5 23. Bxg5 Bxg5 24. Nxg5+ Kc7 25. Rf7+ Kb6 26. Qxc8 Raxc8 27. Raf1 a5
28. e6 b4 29. e7 a4 30. a3 bxa3 31. bxa3 Rce8 32. Re1 Rhg8 33. Nh7 Rg6 34. Nf6
Rxe7 35. Nxd5+ Kb5 36. Rb1+ Ka5 37. Nxe7 Nxe7 38. Rxe7 Ka6 39. Re8 Ka7 40. Re5
Ka6 41. Rxh5 Rg4 42. Rh8 Ka7 43. h4 Re4 44. h5 Re3 45. h6 Rxc3 46. h7 Rxa3 47.
Ra8+ Kxa8 48. h8=Q+ Ka7 49. Qb8+ Ka6 50. Qa8# 1-0

[Event "ch-FRA Blitz Online Qual"]
[Site "Europe-Chess INT"]
[Date "2020.05.16"]
[Round "13"]
[White "Vanneste, Axel"]
[Black "Ros, David"]
[Result "0-1"]
[WhiteElo "1413"]
[BlackElo "1767"]
[WhiteFideId "36020192"]
[BlackFideId "36079103"]
[EventDate "2020.05.16"]

1. e4 e6 2. d4 d5 3. Nc3 Bb4 4. Bd2 c5 5. a3 cxd4 6. axb4 dxc3 7. Bxc3 Nf6 8.
exd5 exd5 9. Qe2+ Be6 10. Qb5+ Nc6 11. Qxb7 Rc8 12. Bb5 Qd7 13. Bxc6 Qxc6 14.
Rxa7 O-O 15. Qxc6 Rxc6 16. Nf3 Ne4 17. Nd4 Rc4 18. Ra3 Rfc8 19. O-O Nxc3 20.
bxc3 Rxc3 21. Rxc3 Rxc3 22. Ra1 Rc8 23. Kf1 Kf8 24. Ke1 Ke7 25. Kd2 Kd6 26. b5
Bd7 27. Ra6+ Kc5 28. Ra3 Kxd4 29. Rd3+ Ke5 30. b6 Bc6 31. Re3+ Kd6 32. Kc3 Rb8
33. Kd4 Rxb6 34. Rf3 Rb4+ 35. Kc3 d4+ 36. Kxb4 Bxf3 37. gxf3 Kd5 38. Kb3 h5 39.
h4 f6 40. Kb2 g5 41. hxg5 fxg5 42. c3 h4 43. cxd4 h3 44. Kc3 h2 45. Kd2 h1=Q 46.
Ke3 Qh4 47. Kd3 Qxd4+ 48. Ke2 Qf4 49. Kf1 Qxf3 50. Kg1 Ke4 51. Kh2 Kd3 52. Kg1
Ke2 53. Kh2 Qxf2+ 54. Kh1 Qh4+ 55. Kg1 Kf3 56. Kf1 g4 57. Kg1 g3 58. Kf1 g2+ 59.
Kg1 Qh1# 0-1

[Event "ch-FRA Blitz Online Qual"]
[Site "Europe-Chess INT"]
[Date "2020.05.16"]
[Round "13"]
[White "Daunay, Gabriel"]
[Black "Siffert, Arman"]
[Result "0-1"]
[WhiteElo "1701"]
[BlackElo "1887"]
[WhiteFideId "45103321"]
[BlackFideId "45125350"]
[EventDate "2020.05.16"]

1. e4 b6 2. d4 Bb7 3. Bd3 g6 4. Nf3 Bg7 5. Be3 e6 6. Nbd2 d6 7. c3 a6 8. O-O h6
9. a4 Ne7 10. b4 Nd7 11. b5 a5 12. Rc1 O-O 13. c4 Kh7 14. Nb3 e5 15. dxe5 Nxe5
16. Nxe5 Bxe5 17. f4 Bg7 18. Qg4 Ng8 19. f5 Nf6 20. Qf3 Qe7 21. Nd2 Rae8 22. Bd4
Nxe4 23. Bxg7 Nxd2 24. Qh3 Qe3+ 25. Qxe3 Rxe3 26. fxg6+ Kxg7 27. Bc2 Nxf1 28.
Rxf1 fxg6 29. Rxf8 Kxf8 30. Bxg6 Re2 31. Kf1 Rxg2 32. Bd3 Rxh2 33. Ke1 Ra2 34.
Bg6 Rxa4 35. Kd2 Rxc4 36. Bd3 Rc5 37. Ke3 Bc8 38. Kd4 Ke7 39. Bf1 Bd7 40. Bd3
Bxb5 41. Bg6 a4 0-1

[Event "ch-FRA Blitz Online Qual"]
[Site "Europe-Chess INT"]
[Date "2020.05.16"]
[Round "13"]
[White "Schrefheere, Anthime"]
[Black "Mareau, Timothe"]
[Result "0-1"]
[WhiteElo "1750"]
[BlackElo "1642"]
[WhiteFideId "657646"]
[BlackFideId "45148864"]
[EventDate "2020.05.16"]

1. e4 e6 2. d3 d5 3. Nd2 Nc6 4. g3 dxe4 5. dxe4 e5 6. Bg2 Bc5 7. Ne2 Nf6 8. O-O
Be6 9. Nc3 a5 10. Na4 Ba7 11. b3 b5 12. Nc3 Bd4 13. Bb2 b4 14. Na4 Bxb2 15. Nxb2
Nd4 16. Nbc4 Nd7 17. a3 c5 18. Re1 O-O 19. Qc1 f6 20. Nf3 Nxf3+ 21. Bxf3 Bxc4
22. bxc4 Nb6 23. c3 Qd3 24. Be2 Qxc3 25. Qxc3 bxc3 26. Rec1 Na4 27. Bd1 Nb2 28.
Rxc3 Rfd8 29. Be2 Rd2 30. Bf1 Rad8 31. Rb3 Nd1 32. Rb5 Nxf2 33. Rxc5 Nxe4 34.
Rxa5 Rc2 35. Re1 Ng5 36. Re2 Rdd2 37. Rxd2 Rxd2 38. Ra8+ Kf7 39. c5 Nf3+ 40. Kh1
Rxh2# 0-1

[Event "ch-FRA Blitz Online Qual"]
[Site "Europe-Chess INT"]
[Date "2020.05.16"]
[Round "13"]
[White "Gordon, Louis"]
[Black "Fraile, Lucas"]
[Result "1-0"]
[WhiteElo "1758"]
[BlackElo "1276"]
[WhiteFideId "45186162"]
[BlackFideId "45146322"]
[EventDate "2020.05.16"]

1. d4 Nf6 2. Nf3 d5 3. e3 Bf5 4. c4 c6 5. Nc3 e6 6. Nh4 Bg6 7. Nxg6 hxg6 8. Bd2
Nbd7 9. Rc1 Rc8 10. Qb3 Qb6 11. c5 Qxb3 12. axb3 Be7 13. b4 Ra8 14. b5 e5 15.
Be2 e4 16. Ra1 Nh5 17. b4 f5 18. g3 Nhf6 19. bxc6 bxc6 20. b5 cxb5 21. Nxb5 Bd8
22. Rxa7 Rxa7 23. Nxa7 Kf7 24. O-O Bc7 25. Rb1 Ke7 26. Nc6+ Ke6 27. Rb7 Bd8 28.
Bb5 Be7 29. Nxe7 Kxe7 30. c6 Rd8 31. cxd7 Nxd7 32. Bb4+ Ke6 33. Bxd7+ Rxd7 34.
Rxd7 Kxd7 35. Bf8 Ke6 36. Bxg7 Kf7 37. Be5 Kg8 38. Kf1 Kh7 39. Ke2 Kh6 40. Kd2
Kh5 41. h3 g5 42. Kc3 g4 43. h4 Kg6 44. Kb4 Kf7 45. Kc5 Ke6 46. Kc6 Kf7 47. Kxd5
Kg6 48. Bd6 Kf7 49. Ke5 Kg6 50. Bc7 Kh5 51. Kxf5 Kh6 52. d5 Kg7 53. d6 Kf7 54.
d7 Kg7 55. d8=Q Kh7 56. Qe7+ Kh6 57. Bf4+ Kh5 58. Qh7# 1-0

[Event "ch-FRA Blitz Online Qual"]
[Site "Europe-Chess INT"]
[Date "2020.05.16"]
[Round "13"]
[White "Le Bail, Stephane"]
[Black "Leonardy, Batiste"]
[Result "0-1"]
[WhiteElo "1746"]
[BlackElo "1177"]
[WhiteFideId "655368"]
[BlackFideId "36062880"]
[EventDate "2020.05.16"]

1. d4 Nf6 2. Bf4 g6 3. e3 Bg7 4. Be2 O-O 5. Nf3 d6 6. O-O Nbd7 7. c3 Re8 8. Nbd2
e5 9. dxe5 dxe5 10. Bg5 h6 11. Bh4 g5 12. Bg3 Nh5 13. Nb3 Nxg3 14. hxg3 e4 15.
Nfd4 Nf6 16. Qc2 h5 17. Rad1 Qe7 18. f4 exf3 19. Rxf3 g4 20. Nf5 Bxf5 21. Rxf5
Qxe3+ 22. Kf1 Ne4 23. Rf3 gxf3 24. Bxf3 Nxg3# 0-1

[Event "ch-FRA Blitz Online Qual"]
[Site "Europe-Chess INT"]
[Date "2020.05.16"]
[Round "13"]
[White "Delabarre, Olivier"]
[Black "Lefrancois, Jean"]
[Result "1-0"]
[WhiteElo "1997"]
[BlackElo "1038"]
[WhiteFideId "632481"]
[BlackFideId "551055635"]
[EventDate "2020.05.16"]

1. d4 d5 2. c4 c6 3. cxd5 cxd5 4. Nc3 Nf6 5. Bf4 e6 6. e3 Bd7 7. Bd3 Bb4 8. Ne2
Nc6 9. a3 Be7 10. b4 a6 11. O-O O-O 12. Na4 b6 13. Rc1 Rc8 14. Bxa6 Ra8 15. Bb5
h6 16. Bxc6 Bxc6 17. Rxc6 Qd7 18. b5 Bxa3 19. Qb3 Be7 20. Nxb6 Qd8 21. Nxa8 Qxa8
22. Rfc1 Rb8 23. Bxb8 Kh7 24. Bg3 Ne4 25. f3 Nf6 26. Qc2+ g6 27. Rc7 Qd8 28. Be5
Ng8 29. b6 f6 30. Bg3 Qb8 31. b7 h5 32. Qc6 Kh6 33. Rc8 Qa7 34. b8=Q Qa3 35. Bf2
Qa2 36. Nf4 Qd2 37. Rxg8 Ba3 38. Rf1 Bb4 39. Rxg6+ Kh7 40. Qd7+ Be7 41. Qxe7# 1-0

[Event "ch-FRA Blitz Online Qual"]
[Site "Europe-Chess INT"]
[Date "2020.05.16"]
[Round "13"]
[White "Quere, Alexandre"]
[Black "Deurvillier, Martial"]
[Result "1-0"]
[WhiteElo "2022"]
[BlackElo "1556"]
[WhiteFideId "631086"]
[BlackFideId "26017091"]
[EventDate "2020.05.16"]

1. Nf3 c6 2. g3 d5 3. c4 Bf5 4. cxd5 cxd5 5. Bg2 e6 6. Qb3 Qc8 7. O-O Nc6 8. d3
Nf6 9. Bf4 Be7 10. Nbd2 O-O 11. Rac1 Nh5 12. e4 Nxf4 13. gxf4 dxe4 14. dxe4 Bg6
15. Ne5 Qb8 16. Nxc6 bxc6 17. Qxb8 Raxb8 18. b3 c5 19. Nc4 Rfd8 20. Rfd1 h6 21.
e5 Rd4 22. Na5 Rc8 23. Rxd4 1-0

[Event "ch-FRA Blitz Online Qual"]
[Site "Europe-Chess INT"]
[Date "2020.05.16"]
[Round "13"]
[White "Zanin, Dario"]
[Black "Muller, Lorelei"]
[Result "1-0"]
[WhiteElo "1918"]
[BlackElo "1541"]
[WhiteFideId "615919"]
[BlackFideId "20669208"]
[EventDate "2020.05.16"]

1. e4 e6 2. d4 d5 3. Nc3 Nf6 4. e5 Nfd7 5. f4 a6 6. Nf3 c5 7. Be3 Nc6 8. Qd2 Qb6
9. O-O-O c4 10. f5 Qa5 11. Kb1 Nb4 12. Bxc4 dxc4 13. fxe6 fxe6 14. Ng5 Nxe5 15.
dxe5 Be7 16. Nge4 O-O 17. Nd6 Rd8 18. Qf2 Rf8 19. Qe2 b5 20. Rhf1 Rxf1 21. Qxf1
Bxd6 22. exd6 Bd7 23. Qf2 Rf8 24. Qg1 Nc6 25. Bb6 Qxa2+ 26. Kxa2 Nb4+ 27. Kb1 a5
28. Bxa5 Nc6 29. Bb6 b4 30. Ne4 Ra8 31. Nc5 Rd8 1-0

[Event "ch-FRA Blitz Online Qual"]
[Site "Europe-Chess INT"]
[Date "2020.05.16"]
[Round "13"]
[White "Cocogne, Ludovic"]
[Black "Kloss, Alexandre"]
[Result "1-0"]
[WhiteElo "1924"]
[BlackElo "1577"]
[WhiteFideId "644536"]
[BlackFideId "36088617"]
[EventDate "2020.05.16"]

1. e4 c5 2. Nf3 d6 3. d4 cxd4 4. Nxd4 Nf6 5. Nc3 g6 6. Be3 Bg7 7. f3 O-O 8. Qd2
Nc6 9. O-O-O d5 10. exd5 Nxd5 11. Nxc6 bxc6 12. Bd4 Nxc3 13. Bxc3 Qxd2+ 14. Bxd2
Be6 15. Kb1 Rab8 16. b3 c5 17. Bf4 Rb7 18. Bd3 c4 19. Be4 cxb3 20. cxb3 Bf5 21.
Bxf5 gxf5 22. Rd3 a5 23. Rhd1 a4 24. h3 axb3 25. Rxb3 Rxb3+ 26. axb3 Ra8 27. Kc2
Rc8+ 28. Kd3 Rd8+ 29. Ke2 Rxd1 30. Kxd1 e5 31. Be3 Bf8 32. Kc2 f6 33. Kd3 Kf7
34. Kc4 Ke6 35. b4 Kd7 36. b5 Kc7 37. Kd5 f4 38. Bf2 Kd7 39. Ke4 Bd6 40. Kf5 Bb8
41. Kxf6 Kd6 42. Kg7 h5 43. Kh6 h4 44. Kh5 Bc7 45. Kxh4 Bb8 46. Kg5 Ke7 47. Kg6
Kf8 48. h4 Kg8 49. h5 Kh8 50. Kf5 Kg8 51. Kg6 Kh8 52. h6 Kg8 53. Bh4 Kh8 54.
Bf6+ Kg8 55. h7+ Kf8 56. h8=Q# 1-0

[Event "ch-FRA Blitz Online Qual"]
[Site "Europe-Chess INT"]
[Date "2020.05.16"]
[Round "13"]
[White "Belattar, Salah-Eddine"]
[Black "Auribault, Louis"]
[Result "1-0"]
[WhiteElo "1886"]
[BlackElo "1618"]
[WhiteFideId "9001468"]
[BlackFideId "45196591"]
[EventDate "2020.05.16"]

1. d4 Nf6 2. g3 g6 3. Bg2 Bg7 4. Nf3 O-O 5. O-O d6 6. c3 c5 7. b3 e6 8. Bb2 Nc6
9. Nbd2 cxd4 10. cxd4 d5 11. e3 b6 12. Rc1 Bb7 13. Qe2 Qd7 14. Ne5 Nxe5 15. dxe5
Ne4 16. Nxe4 dxe4 17. Rfd1 Qe7 18. Rd6 Rad8 19. Rcd1 Rxd6 20. exd6 Qd7 21. Ba3
Rd8 22. Rc1 Be5 23. Rc7 Qe8 24. Rxb7 Bxd6 25. Bxd6 Rxd6 26. Bxe4 Qd8 27. Rxa7
Rd1+ 28. Kg2 f5 29. Bf3 e5 30. Qxd1 Qxd1 31. Bxd1 e4 32. Bc2 h5 33. Rb7 g5 34.
Rxb6 f4 35. Rg6+ Kf7 36. Rxg5 fxe3 37. fxe3 h4 38. gxh4 Kf6 39. Kg3 Ke6 40. Kf4
Kd6 41. Kxe4 Kc6 42. h5 Kb6 43. h6 Ka6 44. h7 Ka7 45. h8=Q Kb7 46. Qh6 Kc7 47.
Rg7+ Kc8 48. Qh8# 1-0

[Event "ch-FRA Blitz Online Qual"]
[Site "Europe-Chess INT"]
[Date "2020.05.16"]
[Round "13"]
[White "Capouilliet, Sylvain"]
[Black "Cadieu, Corentin"]
[Result "0-1"]
[WhiteElo "1821"]
[BlackElo "1524"]
[WhiteFideId "660337"]
[BlackFideId "26023180"]
[EventDate "2020.05.16"]

1. d4 d5 2. c4 c6 3. Nc3 Nf6 4. Nf3 dxc4 5. a4 Bf5 6. e3 e6 7. Bxc4 Nbd7 8. O-O
Bd6 9. Re1 Ne4 10. Nxe4 Bxe4 11. Bd3 Nf6 12. Ne5 Bxd3 13. Qxd3 Qc7 14. f4 Bxe5
15. fxe5 Nd5 16. Bd2 Qb6 17. b3 O-O 18. a5 Qc7 19. Rac1 Rad8 20. e4 Ne7 21. Bb4
Rfe8 22. Bd6 Qxa5 23. Ra1 Qb6 24. Bc5 Qxc5 25. Red1 Qb6 26. Kf1 Ng6 27. Qc3 Rd7
28. Ra4 a6 29. Rb4 Qa7 30. Rc4 Nxe5 31. Rc5 Ng6 32. d5 exd5 33. exd5 Red8 0-1

[Event "ch-FRA Blitz Online Qual"]
[Site "Europe-Chess INT"]
[Date "2020.05.16"]
[Round "13"]
[White "Dietrich, Antoine"]
[Black "Carlier-Bromberg, Paul"]
[Result "0-1"]
[WhiteElo "1499"]
[BlackElo "1790"]
[WhiteFideId "679879"]
[BlackFideId "36099155"]
[EventDate "2020.05.16"]

1. e4 e5 2. d4 exd4 3. c3 dxc3 4. Bc4 cxb2 5. Bxb2 d5 6. Bxd5 Nf6 7. Bxf7+ Kxf7
8. Qxd8 Bb4+ 9. Qd2 Bxd2+ 10. Nxd2 Re8 11. e5 Nc6 12. Ngf3 Bg4 13. O-O Nd7 14.
Ng5+ Kg8 15. f3 Bf5 16. g4 Bd3 17. Rfe1 Ndxe5 18. Kf2 Ng6 19. Rxe8+ Rxe8 20. Re1
Rxe1 21. Kxe1 h6 22. Nge4 b6 23. Kf2 Bb1 24. a3 Nge5 25. Ke3 Ba2 26. h3 Nc4+ 27.
Nxc4 Bxc4 28. Ng3 Be6 29. Nh5 Na5 30. Kd3 g6 31. Nf6+ Kf7 32. Ne4 Nc4 33. Bd4
Nxa3 34. Nc3 Nc4 35. Be5 Nxe5+ 36. Ke4 Nc4 37. Nb5 Nd6+ 38. Nxd6+ cxd6 0-1

[Event "ch-FRA Blitz Online Qual"]
[Site "Europe-Chess INT"]
[Date "2020.05.16"]
[Round "13"]
[White "Mallevaey, Armand"]
[Black "Inventar, Alexandre"]
[Result "1-0"]
[WhiteElo "1773"]
[BlackElo "1437"]
[WhiteFideId "36041424"]
[BlackFideId "36054100"]
[EventDate "2020.05.16"]

1. e4 d6 2. f4 Nd7 3. Nf3 e5 4. fxe5 dxe5 5. d4 exd4 6. Nxd4 Bc5 7. Nb3 Bb6 8.
Nc3 Ngf6 9. Bd3 O-O 10. Na4 c6 11. Nxb6 Qxb6 12. Qe2 Re8 13. Be3 Qb4+ 14. Bd2
Qb6 15. Be3 Qb4+ 16. c3 Qa4 17. Kf1 Nxe4 18. Qf3 Ndf6 19. Bd4 Qxb3 20. axb3 Nd2+
21. Kf2 Nxf3 22. gxf3 b6 23. Rhg1 Nh5 24. Rg5 g6 25. Be4 Bb7 26. Rag1 Nf4 27.
R5g3 Kf8 28. Be3 Nh5 29. R3g2 Nf6 30. Bh6+ Kg8 31. Bc2 Rad8 32. b4 Rd2+ 33. Bxd2
Rd8 34. Bg5 Rd6 35. Bxf6 Rxf6 36. Bb3 c5 37. Rg3 cxb4 38. cxb4 Rf4 39. Ba4 Rxb4
40. Bd7 Rxb2+ 41. Ke1 a5 42. h4 a4 43. h5 1-0

[Event "ch-FRA Blitz Online Qual"]
[Site "Europe-Chess INT"]
[Date "2020.05.16"]
[Round "13"]
[White "Sere, Nicolas"]
[Black "Giblin, Martin"]
[Result "1-0"]
[WhiteElo "1753"]
[BlackElo "1428"]
[WhiteFideId "36014320"]
[BlackFideId "45187053"]
[EventDate "2020.05.16"]

1. Nf3 c5 2. g3 d5 3. c4 d4 4. e3 Nc6 5. exd4 cxd4 6. Bg2 e5 7. d3 Nf6 8. O-O
Bd6 9. Bg5 h6 10. Bxf6 Qxf6 11. Nfd2 O-O 12. Na3 a6 13. Nc2 Bf5 14. Ne4 Bxe4 15.
Bxe4 Qe6 16. a3 f5 17. Bd5 Qxd5 18. cxd5 Ne7 19. f4 exf4 20. gxf4 Nxd5 21. Nxd4
Ne3 22. Qb3+ Kh7 23. Rfe1 Bxf4 24. Ne6 1-0

[Event "ch-FRA Blitz Online Qual"]
[Site "Europe-Chess INT"]
[Date "2020.05.16"]
[Round "13"]
[White "De Monts, Louis"]
[Black "Galhaud, Jean-Philippe"]
[Result "0-1"]
[WhiteElo "1630"]
[BlackElo "1749"]
[WhiteFideId "36088781"]
[BlackFideId "26001349"]
[EventDate "2020.05.16"]

1. e4 c5 2. a3 Nc6 3. b4 cxb4 4. axb4 g6 5. Bb2 Nf6 6. b5 Nb8 7. Bc4 d6 8. Nf3
Bg7 9. d3 O-O 10. O-O Be6 11. Bxe6 fxe6 12. Nc3 Nbd7 13. Ne2 a6 14. bxa6 bxa6
15. Ned4 Nc5 16. Ng5 Qd7 17. Ngf3 Rab8 18. Bc3 Ng4 19. h3 Ne5 20. Nxe5 Bxe5 21.
Qg4 Rf4 22. Qe2 Rbf8 23. f3 Na4 24. Qd2 Nxc3 25. Qxc3 Rc8 26. Qb4 Qa7 27. c3
Rxc3 28. Ra4 Rxd3 29. Qc4 Rxd4 30. Qxe6+ Kg7 31. Rxd4 Qxd4+ 32. Kh1 Rf7 33. h4
h5 34. g4 hxg4 35. Qxg4 Qd3 36. Kg2 Qd2+ 37. Rf2 Qh6 38. Ra2 Bf6 39. Rxa6 Qxh4
40. Qe6 Qg5+ 41. Kf2 Qd2+ 42. Kg3 Qe1+ 43. Kg2 Qe2+ 44. Kg3 Qxa6 0-1

[Event "ch-FRA Blitz Online Qual"]
[Site "Europe-Chess INT"]
[Date "2020.05.16"]
[Round "13"]
[White "Ernst, Luca"]
[Black "Sylvestre-Baron, Laurent"]
[Result "1-0"]
[WhiteElo "1660"]
[BlackElo "1728"]
[WhiteFideId "45117055"]
[BlackFideId "20698585"]
[EventDate "2020.05.16"]

1. e4 c5 2. Nf3 Nc6 3. d4 cxd4 4. Nxd4 e5 5. Nb5 d6 6. N1c3 a6 7. Na3 b5 8. Nd5
Nge7 9. Bg5 h6 10. Bxe7 Nxe7 11. c4 Nxd5 12. cxd5 Be7 13. Be2 O-O 14. O-O f5 15.
f3 f4 16. Nc2 Qb6+ 17. Kh1 g5 18. Nb4 Bd7 19. Rc1 Rf7 20. Nc6 Rg7 21. Rc2 h5 22.
Qd3 g4 23. Rfc1 g3 24. hxg3 fxg3 25. Nxe7+ Rxe7 26. Rc7 Rf7 27. Qc3 Rf4 28. Rc5
Qxc5 29. Qxc5 dxc5 30. Rxc5 Rc8 31. b4 Rxc5 32. bxc5 Rf6 33. Kg1 Kf8 34. Kf1 Ke8
35. Ke1 Bc6 36. Kd2 h4 37. Bf1 Kd7 38. Kc3 Bxd5 39. exd5 e4 40. Be2 exf3 41.
Bxf3 h3 42. Bg4+ Kc7 43. Bxh3 Rh6 44. Be6 Rh2 45. d6+ Kd8 46. c6 Rh7 47. c7+
Rxc7+ 48. dxc7+ Kxc7 49. Kd3 Kb6 50. Ke3 Kc5 51. Kf3 a5 52. Kxg3 a4 53. Kf4 b4
54. g4 Kd4 55. g5 b3 56. Bxb3 axb3 57. axb3 Kc3 58. g6 Kxb3 59. g7 Kc4 60. g8=Q+
Kc5 61. Ke5 1-0

[Event "ch-FRA Blitz Online Qual"]
[Site "Europe-Chess INT"]
[Date "2020.05.16"]
[Round "13"]
[White "Laignel, Quentin"]
[Black "Levy, Kevin"]
[Result "0-1"]
[WhiteElo "1420"]
[BlackElo "1740"]
[WhiteFideId "45169128"]
[BlackFideId "45128588"]
[EventDate "2020.05.16"]

1. d4 d5 2. Bf4 Nf6 3. e3 e6 4. Nf3 c5 5. c3 Nc6 6. Nbd2 cxd4 7. exd4 Nh5 8. Bg3
g6 9. Bd3 Bd6 10. O-O Nxg3 11. hxg3 Qc7 12. Bb5 Bd7 13. Re1 O-O-O 14. a4 h5 15.
b4 Ne7 16. Bxd7+ Qxd7 17. Qb3 Nf5 18. Rac1 h4 19. g4 Nh6 20. c4 Kb8 21. cxd5
exd5 22. g5 Ng4 23. Ne5 Bxe5 24. dxe5 h3 25. gxh3 Nxf2 26. e6 fxe6 27. Kxf2
Rdf8+ 28. Nf3 Rxh3 29. Re3 Qf7 30. Qc3 a6 31. Qe5+ Ka8 32. Rcc3 Qh7 33. Ke2 Qh5
34. Qd6 Rh8 35. Kd2 Qg4 36. Kc2 Qg2+ 37. Kb3 Rh1 38. Rc2 Rb1+ 39. Kc3 Qf1 40.
Rd3 Ra1 41. Qe5 Ra3+ 42. Kb2 Qa1# 0-1

[Event "ch-FRA Blitz Online Qual"]
[Site "Europe-Chess INT"]
[Date "2020.05.16"]
[Round "13"]
[White "Billot, Daniel"]
[Black "Gilles, Francois"]
[Result "1-0"]
[WhiteElo "1679"]
[BlackElo "1637"]
[WhiteFideId "618004"]
[BlackFideId "654663"]
[EventDate "2020.05.16"]

1. e4 Nf6 2. e5 Nd5 3. Nc3 Nxc3 4. dxc3 d6 5. Bf4 e6 6. Nf3 Be7 7. exd6 cxd6 8.
Qd2 O-O 9. O-O-O a5 10. Bg5 Bxg5 11. Nxg5 d5 12. Bd3 1-0

[Event "ch-FRA Blitz Online Qual"]
[Site "Europe-Chess INT"]
[Date "2020.05.16"]
[Round "13"]
[White "Benlatreche, Farid"]
[Black "Vanlerberghe, Luc"]
[Result "0-1"]
[WhiteElo "1416"]
[BlackElo "1727"]
[WhiteFideId "551081474"]
[BlackFideId "671908"]
[EventDate "2020.05.16"]

1. d4 Nf6 2. f4 c5 3. e3 cxd4 4. exd4 d5 5. c3 Bf5 6. Nf3 e6 7. Bd3 Bxd3 8. Qxd3
Nc6 9. O-O Bd6 10. Ne5 Qc7 11. Nd2 O-O 12. Ndf3 Nd7 13. Nxd7 Qxd7 14. Ne5 Qc7
15. Qg3 f6 16. Nxc6 bxc6 17. Be3 Rab8 18. Rab1 c5 19. Qg4 Rfe8 20. h4 cxd4 21.
Bxd4 e5 22. fxe5 fxe5 23. Be3 Bc5 24. Bxc5 Qxc5+ 25. Kh1 Rb6 26. Qf5 Rf6 27. Qg5
Rg6 28. Qd2 Qc4 29. Qe1 Qg4 30. Qf2 Rf6 31. Qd2 Qxh4+ 32. Kg1 d4 33. Rxf6 Qxf6
34. cxd4 exd4 35. Rf1 Qe5 36. Qb4 h6 37. a4 Qe3+ 38. Kh1 Re5 39. Qf8+ Kh7 40.
Rf7 Rh5# 0-1